| 000 -LEADER | |
|---|---|
| fixed length control field | 02030nam a2200325 a 4500 |
| 001 - CONTROL NUMBER | |
| control field | :::00011954$&:&@@ |
| 003 - CONTROL NUMBER IDENTIFIER | |
| control field | OkBaRHE |
| 005 - DATE AND TIME OF LATEST TRANSACTION | |
| control field | 20110517215031.0 |
| 008 - FIXED-LENGTH DATA ELEMENTS--GENERAL INFORMATION | |
| fixed length control field | s1983 g 000 0 eng u |
| 020 ## - INTERNATIONAL STANDARD BOOK NUMBER | |
| International Standard Book Number | 83025611 |
| 040 ## - CATALOGING SOURCE | |
| Transcribing agency | |
| 100 1# - MAIN ENTRY--PERSONAL NAME | |
| Personal name | Duffield, Guy P., 1909- |
| 9 (RLIN) | 838 |
| 245 10 - TITLE STATEMENT | |
| Title | Foundations of Pentecostal theology. |
| 260 ## - PUBLICATION, DISTRIBUTION, ETC. (IMPRINT) | |
| Place of publication, distribution, etc | Los Angeles, CA., : |
| Name of publisher, distributor, etc | L.I.F.E. Bible College |
| Date of publication, distribution, etc | 1983 |
| 300 ## - PHYSICAL DESCRIPTION | |
| Extent | xxviii, 624 p. ; |
| Dimensions | 24 cm. |
| 650 ## - SUBJECT ADDED ENTRY--TOPICAL TERM | |
| Topical term or geographic name as entry element | Pentecostal Churches |
| General subdivision | Doctrines |
| 9 (RLIN) | 839 |
| 650 ## - SUBJECT ADDED ENTRY--TOPICAL TERM | |
| Topical term or geographic name as entry element | Pentecostalism |
| 9 (RLIN) | 840 |
| 650 ## - SUBJECT ADDED ENTRY--TOPICAL TERM | |
| Topical term or geographic name as entry element | Theology, Doctrinal |
| 700 ## - ADDED ENTRY--PERSONAL NAME | |
| Personal name | Van Cleave, Nathaniel M., 1907- , Joint author. |
| 9 (RLIN) | 841 |
| 942 ## - ADDED ENTRY ELEMENTS (KOHA) | |
| Source of classification or shelving scheme | |
| Koha item type | Books |
| Full call number | Date last seen | Withdrawn status | Damaged status | Koha item type | Shelving location | Current Location | Lost status | Total Renewals | Date checked out | Total Checkouts | Date acquired | Permanent Location | Price effective from | Copy number | Not for loan | Source of classification or shelving scheme | Barcode |
|---|---|---|---|---|---|---|---|---|---|---|---|---|---|---|---|---|---|
| BX 8762 .Z5 D84 1983 | 2010-04-14 | Books | General Stacks | 2010-04-14 | RHEMA Bible Training College | 2010-04-14 | 9 | 21429 | |||||||||
| BX 8762 .Z5 .Z5 D84 | 2019-04-19 | Books | General Stacks | RHEMA Bible Training College | 2019-04-05 | 3 | 2010-04-14 | RHEMA Bible Training College | 2010-04-14 | 1 | 21425 | ||||||
| BX 8762 .Z5 D84 1983 | 2011-04-29 | Books | General Stacks | RHEMA Bible Training College | 2 | 2011-03-24 | 1 | 2010-04-14 | RHEMA Bible Training College | 2010-04-14 | 2 | 11954 | |||||
| BX 8762 .Z5 D84 1983 | 2020-02-05 | Books | General Stacks | RHEMA Bible Training College | 2020-01-14 | 2 | 2010-04-14 | RHEMA Bible Training College | 2010-04-14 | 3 | 16385 | ||||||
| BX 8762 .Z5 D84 1983 | 2017-03-20 | Books | General Stacks | RHEMA Bible Training College | 2017-03-07 | 2 | 2010-04-14 | RHEMA Bible Training College | 2010-04-14 | 4 | 16386 | ||||||
| BX 8762 .Z5 D84 1983 | 2022-01-07 | Books | General Stacks | RHEMA Bible Training College | 5 | 2021-12-17 | 3 | 2010-04-14 | RHEMA Bible Training College | 2010-04-14 | 5 | 00021048 | |||||
| BX 8762 .Z5 D84 1983 | 2010-04-14 | Books | General Stacks | RHEMA Bible Training College | 2010-04-14 | RHEMA Bible Training College | 2010-04-14 | 6 | 21426 | ||||||||
| BX 8762 .Z5 D84 1983 | 2018-05-01 | Books | General Stacks | RHEMA Bible Training College | 5 | 2018-04-17 | 2 | 2010-04-14 | RHEMA Bible Training College | 2010-04-14 | 7 | 21427 | |||||
| BX 8762 .Z5 D84 1983 | 2011-09-30 | Books | General Stacks | RHEMA Bible Training College | 2010-04-14 | RHEMA Bible Training College | 2010-04-14 | 8 | 00021428 |